01122nas a2200265Ia 4500001001100000003000900011008004100020040001300061040001300074041001300087100004600100210001200146222001200158245012200170250001100292260002200303501008600325300001800411362003100429500026000460650004300720700002200763700001800785700005300803R142/77673IT-RoPAU151124c99999999xx |||||||||||| ||und|| aIT-RoPAU cIT-RoPAU aFRANCESE aBreton PhilippegCodice Aut. SPICS: 31189 aRESEAUX aReseaux aRESEAUX, N.048 (LUGLIO/AGOSTO 1991)bEntre L'Ordre Et Le Desordre: Les Valeurs Paradoxales Du Monde De L'Informatique a1a ed. aPARISbCNETc1991 bPaulus - SPICS - Società San Paolo EM (non-commercial uses only)cCopyright2015 a10 p. [13-22] aN.048 (LUGLIO/AGOSTO 1991) aTra Ordine e Disordine: Valori Paradossali del Mondo dell'Informatica. Pragmatismo O Utopia. Informatica Fattore Strategico. Campo della Sicurezza Informatica. Importanza del Gruppo Sociale degli Utenti dell'Informatica. Permanenza di un Discorso Ideolog aCOMUNICAZIONEvPUBBLICAZIONE PERIODICA aBertrand Isabelle aHeilmann Eric gCodice Aut. SPICS: 46014Codice Aut. SPICS: 46015